000
00270nam a22001217a 4500
008
180807b xxu||||| |||| 00| 0 eng d
082
_a
813.52
245
_a
First Responder
_c
Hill,M.G
260
_c
2008
300
_a
1
_f
CD
440
_x
9780073521978
942
_2
ddc
_c
MX
999
_c
46894
_d
46894